Mast location debate rages (Record no. 74516)
[ view plain ]
| 000 -LEADER | |
|---|---|
| fixed length control field | 01858cab a2200277 4500 |
| 001 - CONTROL NUMBER | |
| control field | ABS68175 |
| 008 - FIXED-LENGTH DATA ELEMENTS--GENERAL INFORMATION | |
| fixed length control field | 040831n2004 000 0 eng u |
| 035 ## - SYSTEM CONTROL NUMBER | |
| System control number | (Sirsi) u127205 |
| 100 ## - MAIN ENTRY--PERSONAL NAME | |
| Personal name | Askew, J. |
| 245 ## - TITLE STATEMENT | |
| Title | Mast location debate rages |
| 260 ## - PUBLICATION, DISTRIBUTION, ETC. | |
| Date of publication, distribution, etc. | 2004 |
| 490 ## - SERIES STATEMENT | |
| Series statement | Planning (for the Natural and Built Environment) |
| Volume/sequential designation | (1580) 30 July 2004, 15(1) |
| 520 ## - SUMMARY, ETC. | |
| Summary, etc. | Examines the recommendations of the parliamentary All Party Mobile Group's report "Mobile phone masts: planning for the future", which looks at the planning issues surrounding mobile phone masts. Although the supporting infrastructure for mobile phone network technology is in place, mobile phone use growth has resulted in an increasing demand for base stations. The report seeks the revocation of permitted development rights for base stations, a review of the telecommunications provisions of the General Permitted Development Order, amendments to PPG8 relating to public consultation arrangements and the introduction of mandatory telecommunications plans as part of local development frameworks. It also recommends the adoption of common digital mapping techniques, a precautionary approach to mast location, increased application fees and the establishment of a national joint body involving government, the industry, local authorities and the regulator. View the report at www.apmobile.org. |
| 590 ## - LOCAL NOTE (RLIN) | |
| Local note | ABS |
| 650 ## - SUBJECT ADDED ENTRY--TOPICAL TERM | |
| Topical term or geographic name entry element | BASE STATIONS |
| 650 ## - SUBJECT ADDED ENTRY--TOPICAL TERM | |
| Topical term or geographic name entry element | MOBILE PHONES INDUSTRY |
| 650 ## - SUBJECT ADDED ENTRY--TOPICAL TERM | |
| Topical term or geographic name entry element | PERMITTED DEVELOPMENT RIGHTS |
| 650 ## - SUBJECT ADDED ENTRY--TOPICAL TERM | |
| Topical term or geographic name entry element | PPG8 |
| 650 ## - SUBJECT ADDED ENTRY--TOPICAL TERM | |
| Topical term or geographic name entry element | MOBILE PHONE MASTS |
| 650 ## - SUBJECT ADDED ENTRY--TOPICAL TERM | |
| Topical term or geographic name entry element | LOCAL DEVELOPMENT FRAMEWORKS |
| 650 ## - SUBJECT ADDED ENTRY--TOPICAL TERM | |
| Topical term or geographic name entry element | GENERAL PERMITTED DEVELOPMENT ORDER |
| 650 ## - SUBJECT ADDED ENTRY--TOPICAL TERM | |
| Topical term or geographic name entry element | TELECOMMUNICATIONS |
| 690 ## - LOCAL SUBJECT ADDED ENTRY--TOPICAL TERM (OCLC, RLIN) | |
| Topical term or geographic name as entry element | TRANSPORT AND COMMUNICATIONS |
| 856 ## - ELECTRONIC LOCATION AND ACCESS | |
| Uniform Resource Identifier | <a href="https://www.apmobile.org.uk/apmobile%20rpt%203.pdf">https://www.apmobile.org.uk/apmobile%20rpt%203.pdf</a> |
| Public note | View All Party Mobile Group report (pdf) at... |
| 942 ## - ADDED ENTRY ELEMENTS (KOHA) | |
| Suppress in OPAC | 0 |
| Withdrawn status | Lost status | Source of classification or shelving scheme | Damaged status | Not for loan | Home library | Current library | Shelving location | Date acquired | Total Checkouts | Full call number | Barcode | Date last seen | Copy number | Price effective from | Koha item type |
|---|---|---|---|---|---|---|---|---|---|---|---|---|---|---|---|
| Dewey Decimal Classification | London | London | Journal article | 31/08/2004 | ABS68175 | 127205-1001 | 06/08/2019 | 1 | 06/08/2019 | Journal article |